|
|
|
|
| LEADER |
00000nam a2200000 i 4500 |
| 001 |
1/91081 |
| 008 |
080716s2006 eng d |
| 020 |
|
|
|a 978-3-540-35588-5
|
| 020 |
|
|
|a 3-540-35588-X
|
| 035 |
|
|
|l 10098993
|
| 040 |
|
|
|a GR-MY-UA
|b gre
|e aacr
|
| 041 |
0 |
|
|a eng
|
| 082 |
0 |
|
|a 910.285
|2 (22)
|
| 245 |
1 |
0 |
|a Progress in spatial data handling :
|b 12th International Symposium on Spatial Data Handling /
|c Andreas Riedl, Wolfgang Kainz, Gregory A. Elmes (editors)
|
| 260 |
|
|
|a Berlin :
|b Springer,
|c c2006
|
| 300 |
|
|
|a xviii, 941 σ.;
|b εικ., χάρτες;
|c 24 εκ.
|
| 500 |
|
|
|a Αυτός ο τόμος περιέχει τα πρακτικά του 12ου Διεθνούς Συμποσίου για τη Χωρική Επεξεργασία Δεδομένων, το οποίο διοργανώθηκε στη Βιέννη, Αυστρία, στις 12-14 Ιουλίου 2006
|
| 504 |
|
|
|a Περιέχει βιβλιογραφικές παραπομπές
|
| 650 |
0 |
0 |
|a Geographic information systems
|v Congresses.
|
| 700 |
1 |
|
|a Riedl, Andreas.
|4 edt
|
| 700 |
1 |
|
|a Kainz, Wolfgang.
|4 edt
|
| 700 |
1 |
|
|a Elmes, Gregory A.
|4 edt
|
| 852 |
|
|
|a INST
|b LESVOS
|e 20080716
|h 910.285 PRO
|p 005100041773
|q 005100041773
|t BK
|y 0
|
| 901 |
|
|
|a BIBL1-2008-2
|
| 909 |
|
|
|a Λ
|b 143868
|
| 922 |
|
|
|a 1ΕΛΗ
|b 200801
|c ΕΠΕΑΕΚ2/ΤΓ
|d ΠΑΠΑΣΩΤΗΡΙΟΥ
|
| 970 |
|
|
|a ΚΑΡΑ
|b ΓΙΑΣΕΜΗ
|z 2008/07/16
|